• 首页
  • 本馆介绍
  • 公告通知
  • 最新文献
  • 馆藏检索
  • 电子资源
  • 读者导购
  • 参考咨询
  • 我的图书馆
  • 登录
  • 详细信息显示
  • 放入我的书架
  • 预约/预借图书
  • 作者相关作品
  • 分类相关作品
  • 丛书相关作品
  • 出版社相关作品

书目信息

  • 表格格式
  • 工作单格式
  • 卡片格式
题名:
环境艺术设计
    
 
作者: 李砚祖
分册:  
出版信息: 北京   中国人民大学出版社  2006
页数: 376
开本: 20cm
丛书名:
单 册:
中图分类: TU856
科图分类:
主题词: 房屋建筑设备:机电设备
电子资源:
ISBN: 7-300-06372-1
000 00504nam0 2200181 450
001 0754949328
005 20070828151549.32
010    @a7-300-06372-1@d¥27.80
100    @a20070828d km y0chiy0120 ea
101 0  @achi
200 1  @a环境艺术设计@Ahuan jing yi shu she ji@f李砚祖@Fli yan zu
210    @a北京@c中国人民大学出版社@d2006
215    @a376@d20cm
606 0  @a房屋建筑设备:机电设备
690    @aTU856@v3
701  0 @a李砚祖@Ali yan zu
801  0 @aCN@bPFT@c20070828
905    @a213230@dTU856@eM55
    
    环境艺术设计/李砚祖.-北京:中国人民大学出版社,2006
    376;20cm
    
    
    ISBN 7-300-06372-1:¥27.80
    
●
相关链接 在E读中查询图书 在五车中查询图书 在当当中查询图书 在豆瓣中查询图书


正题名:环境艺术设计     索取号:TU856/M55         预约/预借

序号 登录号 条形码 馆藏地/架位号 状态 备注
1 6401478   264014783   密集书库-美术系/ [索取号:TU856/M55] 在馆    
2 6401481   264014818   密集书库-美术系/ [索取号:TU856/M55] 在馆    
3 6401581   264015817   密集书库-美术系/ [索取号:TU856/M55] 在馆    
4 6401662   264016629   美术系资料室/ [索取号:TU856/M55] 在馆    
唐山师范学院图书馆 欢迎您!
大连网信软件有限公司© 版权所有